000 00609cam a2200193u 4500
999 _c232560
_d232560
001 9722876
003 Nust
005 20170221085626.0
008 820301s1940 enk 000 0 eng
010 _a 41003983
020 _a9780099468080
040 _aDLC
_cCarP
_dDLC
050 0 0 _aPZ3.H514
_bCor
_aPR6015.E795
082 _a823.912
_bHEY
100 1 _aHeyer, Georgette,
_d1902-1974.
245 1 4 _aThe Corinthian.
260 _aLondon,
_aToronto,
_bW. Heinemann ltd.
_c1940
300 _a233 p.
_c20 cm.
655 7 _aRegency fiction.
_2gsafd
906 _a0
_bcbc
_cpremunv
_du
_encip
_f19
_gy-gencatlg
942 _2ddc
_cBK